|
|
|
|
| LEADER |
00000cam a2200000 a 4500 |
| 001 |
vtls001302975 |
| 003 |
SK-MaSNL |
| 005 |
20260301155647.0 |
| 008 |
250313s1936 xxuo gr 000 0 slo |
| 015 |
|
|
|a SNBA1936
|
| 020 |
|
|
|q (brožované)
|
| 035 |
|
|
|a SNK000255093
|
| 035 |
|
|
|a urn:nbn:sk:snk-am3hzc6
|
| 035 |
|
|
|a CDD87C3A-7347-48DB-A5D2-E87BECA77651
|
| 035 |
|
|
|a urn:nbn:sk:snk-am00decn
|
| 040 |
|
|
|a SNK
|b slo
|c SNK
|e AACR2
|
| 041 |
0 |
|
|a slo
|
| 043 |
|
|
|a n-xxu--
|
| 044 |
|
|
|a xxu
|c US
|
| 080 |
|
|
|a 061
|2 2011
|
| 080 |
|
|
|a (73)
|2 2011
|
| 080 |
|
|
|a 316.72/.75-027.22
|2 2011
|
| 080 |
|
|
|a (083.97)
|2 2011
|
| 080 |
|
|
|a 069.9
|2 2011
|
| 080 |
|
|
|a (=162.4)
|2 2011
|
| 245 |
0 |
0 |
|a Pamätník a program z príležitosti zájazdu delegácie Matice slovenskej v Detroitskej oblasti
|b [Rosford-Toledo, O. - Owassa, Mich. Windsor, Ontario, Kanada.] : od 16. do 23. mája 1936 : kultúrno-umeleká výstava po celý týždeň v Sokolovni Slovenského domu Detroit, Michigan
|c sostavil: Jozef F. Rešovský
|
| 260 |
|
|
|a Chicago
|b [vydavateľ nie je známy]
|e Chicago
|f Tatra
|c 1936
|
| 300 |
|
|
|a 18 nečíslovaných strán
|b fotografie
|c 23 cm
|
| 500 |
|
|
|a Názov z obálky
|
| 610 |
2 |
7 |
|a Matica slovenská
|2 SNKKA
|9 14662
|
| 650 |
0 |
7 |
|a inštitúcie a organizácie
|2 SNKPH
|9 66282
|
| 650 |
0 |
7 |
|a kultúrny život
|2 SNKPH
|9 3182
|
| 650 |
0 |
7 |
|a výstavy
|2 SNKPH
|9 2780
|
| 650 |
0 |
7 |
|a Slováci v zahraničí
|2 SNKPH
|9 14695
|
| 651 |
|
7 |
|a Spojené štáty americké
|2 SNKPHgeo
|9 18262
|
| 655 |
|
7 |
|a programy
|2 SNKPH
|9 70598
|
| 700 |
1 |
|
|a Rešovský, Jozef F.
|4 com
|9 520171
|
| 852 |
|
|
|a Slovenská národná knižnica
|
| 954 |
|
|
|a odborná, vedecká literatúra pôvodná (slovenská)
|2 lita
|
| 958 |
|
|
|a OND
|
| 999 |
|
|
|c 802108
|d 804038
|
| 952 |
|
|
|t P60, <03>, [BOOK], {603}
|a SNK
|b SNK
|y PREZ
|7 0
|p 17A0094593
|o snkSC 10005
|i snk6458/36
|0 0
|1 0
|4 0
|d 1997-09-22
|f 1
|l 0
|r 2025-07-09 00:00:00
|w 2026-02-24
|
| 952 |
|
|
|t P60, <04>, [BOOK], {604}
|a SNK
|b SNK
|y VYP
|7 0
|p 17A0390426
|o snkSC 10005 D1
|i snkD 1801/60
|0 0
|1 0
|4 0
|d 2003-07-23
|l 0
|r 2005-01-02 00:00:00
|w 2026-02-24
|